000 01125nmc a2200385 a 4500
003 AR-BaBNM
005 20251128205529.0
008 277119s1996 ||||||||||||||000 | spa||
020 _a950-02-8449-9
040 _cAR-BaBNM
245 1 0 _aEl cuidador de pájaros y otras leyendas
250 _a1ª ed.
260 _aBuenos Aires
_bEl Ateneo
_c1996
300 _a50 p.
_bil.
490 0 _aLeyendas y cuentos argentinos. Historias de Millatray
_vv. 4
500 _aContiene referencias bibliográficas en p. 50
650 4 _aLITERATURA ARGENTINA
650 4 _aLEYENDAS
650 4 _aTRADICION ORAL
650 4 _aCOSTUMBRES Y TRADICIONES
650 4 _aLITERATURA FOLKLORICA
650 4 _aCULTURAS LITERARIAS
650 4 _aLITERATURA POPULAR
650 4 _aCUENTOS DE ANIMALES
650 4 _aMITOLOGIA
650 4 _aCULTURAS TRADICIONALES
650 4 _aABORIGENES ARGENTINOS
653 _aCULTURAS PRECOLOMBINAS
655 _aLITERATURA
700 1 _aSánchez, Claudia
_earreglo
700 1 _aRojas, Oscar
_eilustrador
800 1 _aPerriconi, Graciela
_edirector
942 _cBK
998 _cMARTIN
999 _c11766
_d11766